| 000 | 00627nas a22001937a 4500 | ||
|---|---|---|---|
| 005 | 20140901163714.0 | ||
| 006 | a|||||r|||| 00| 0 | ||
| 007 | ta | ||
| 008 | 140901b xxu||||| |||| 00| 0 eng d | ||
| 245 |
_aRice india : _ban AIREA periodical / _cedited by R. Sundaresan |
||
| 260 |
_aNew Delhi : _bAIREA (All India Rice Exporters Association) |
||
| 300 |
_av. _c26 cm (Pbk) |
||
| 310 | _aQuarterly | ||
| 362 | _aIssue 2 April-June 2014 | ||
| 700 | _aSundaresan, R, Ed. | ||
| 856 | _uwww.airea.net | ||
| 270 |
_a81/2, Adchini, Sri Aurobindo Marg, _bNew Delhi _e110017 _k41071555 _mairea.delhi@gmail.com |
||
| 942 |
_2ddc _cSR _s1 |
||
| 999 |
_c88229 _d88229 |
||